书目信息 |
| 题名: |
软件剖析
|
|
| 作者: | 霍格兰德, , Hoglund, , 米哥罗, , McGraw, 编著 ;邓劲生 译 | |
| 分册: | ||
| 出版信息: | 北京 清华大学出版社 2005.4 |
|
| 页数: | 18,339页 | |
| 开本: | 26cm | |
| 丛书名: | ||
| 单 册: | ||
| 中图分类: | TP309.7 | |
| 科图分类: | ||
| 主题词: | 电子计算机--dian zi ji suan ji--密码术 | |
| 电子资源: | ||
| ISBN: | 7-302-10445-X | |
| 000 | 01796nam0 2200409 450 | |
| 000 | 01815nam0 2200409 450 | |
| 000 | 01778nam0 2200397 450 | |
| 000 | 01735nam0 2200385 450 | |
| 000 | 01724nam0 2200385 450 | |
| 000 | 01687nam0 2200373 45 | |
| 001 | 012005000000 | |
| 005 | 20051214094921.47 | |
| 010 | @a7-302-10445-X@dCNY39.90 | |
| 100 | @a20051107d2005 em y0chiy0121 ea | |
| 101 | 1 | @achi@ceng |
| 102 | @aCN@b110000 | |
| 105 | @ay z 000yy | |
| 200 | 1 | @a软件剖析@Aruan jian pou xi@e代码攻防之道@f(美)[霍格兰德]Greg Hoglund,(美)[米哥罗]Gary McGraw编著@g邓劲生翻译 |
| 210 | @a北京@c清华大学出版社@d2005.4 | |
| 215 | @a18,339页@d26cm | |
| 304 | @a书名原文:Exploiting software : how to break code | |
| 306 | @a培生教育出版集团授权出版 | |
| 314 | @a霍格兰德[Greg Hoglund],博士,软件安全领域的领军人物,合编著有《软件剖析——代码攻防之道》。 | |
| 314 | @a米哥罗[Gary McGraw],博士,Cigital公司的CTO,合编著有《软件剖析——代码攻防之道》。 | |
| 314 | @a邓劲生,计算机博士,翻译有《软件剖析——代码攻防之道》。 | |
| 330 | @a本书探讨了现实世界中的软件破解问题,解释了它们是如何以及为什么被破解的,介绍了相关的攻击模式,以及它们是如何被发现的。还展示了如何发现新软件的脆弱点以及如何利用这个弱点去攻破机器。 | |
| 510 | 1 | @aExploiting software@eHow to break code@zeng |
| 517 | 1 | @a代码攻防之道@Adai ma gong fang zhi dao |
| 606 | 0 | @a电子计算机@Adian zi ji suan ji@x密码术 |
| 690 | @aTP309.7@v4 | |
| 701 | 1 | @c(美)@a霍格兰德,@Ahuo ge lan de@bG.@c(Hoglund, Greg)@4编著 |
| 701 | 1 | @c(美)@aHoglund,@bG.@c(Hoglund, Greg)@4编著 |
| 701 | 1 | @c(美)@a米哥罗,@Ami ge luo@bG.@c(McGraw, Gary)@4编著 |
| 701 | 1 | @c(美)@aMcGraw,@bG.@c(McGraw, Gary)@4编著 |
| 702 | 0 | @a邓劲生@Adeng jin sheng@4译 |
| 801 | 0 | @aCN@bSRXX@c20051214 |
| 905 | @a10447@dTP309.7@eH967 | |
| 软件剖析:代码攻防之道/(美)[霍格兰德]Greg Hoglund,(美)[米哥罗]Gary McGraw编著/邓劲生翻译.-北京:清华大学出版社,2005.4 |
| 18,339页;26cm |
| ISBN 7-302-10445-X:CNY39.90 |
| 本书探讨了现实世界中的软件破解问题,解释了它们是如何以及为什么被破解的,介绍了相关的攻击模式,以及它们是如何被发现的。还展示了如何发现新软件的脆弱点以及如何利用这个弱点去攻破机器。 |
| ● |
| 相关链接 |
|
|
|
正题名:软件剖析
索取号:TP309.7/H967
 
预约/预借
| 序号 | 登录号 | 条形码 | 馆藏地/架位号 | 状态 | 备注 |
| 1 | 547700 | 205477009 | 自科库301/301自科库 46排5列4层/ [索取号:TP309.7/H967] | 在馆 | |
| 2 | 547701 | 205477018 | 自科二线404/301自科库 102排4列4层/ [索取号:TP309.7/H967] | 在馆 | |
| 3 | 547702 | 205477027 | 自科二线404/301自科库 102排4列4层/ [索取号:TP309.7/H967] | 在馆 |